| 000 | 00965nam a2200241 i 4500 | ||
|---|---|---|---|
| 001 | 173876 | ||
| 003 | ES-MaACL | ||
| 005 | 20251007171507.0 | ||
| 007 | t| | ||
| 008 | 100127s18911889sp |||| | spa d | ||
| 110 | 2 |
_aReal Academia de Ciencias Exactas, Físicas y Naturales de España. _9175635 |
|
| 245 | 1 | 0 |
_aMemorias de la Real Academia de Ciencias _g1891. |
| 260 |
_aMadrid : _b[s.n.], _c1891 (Imp. de Luis Aguado) |
||
| 300 |
_av. ; _c28 cm. |
||
| 500 | _aPrecede al tít.: Obras malacológicas de J.G. Hidalgo. | ||
| 505 | 8 |
_aContiene: T. XIV ; _tEstudios preliminares sobre la fauna malacológica de las islas Filipinas ; Atlas / _rJ.G. Hidalgo (2 v.: 1º atlas con 170 lám. ; 2º 632 p.) |
|
| 650 | 4 |
_aMoluscos. _9136518 |
|
| 700 | 1 |
_aGonzález Hidalgo, Joaquín, _d1839-1923 _9127415 |
|
| 740 | 0 | 2 | _aAtlas de la fauna malacológica de las islas Filipinas. |
| 852 |
_aES-MaACL _jK-229 |
||
| 852 |
_aES-MaACL _jK-230 |
||
| 999 |
_c173876 _d173876 |
||